00810cam a22002771 4500001001300000003000400013005001700017008004100034010001700075035002000092040001800112041001100130042001200141050001600153100003000169245003400199260001000233300002500243490001000268500004500278500005900323504004100382650004500423700004700468999001700515sa 68016944 DLC20260227112658.0890227s1967 xx 000 0 san  asa 68016944  a(OCoLC)23556962 aDLCcMiUdDLC0 asaneng apremarc00aPK875b.B481 aBhāskarādhvarīndra.10aSāmavedārṣeyadīpaḥ. c1967. axvii, 202 p.c25 cm.0 a#,v7 aAdded t. p.: Sāmavedārṣeya dīpa. aIn Sanskrit: introductory matter and notes in English. aIncludes bibliographical references. 0aSanskrit languagexMetrics and rhythmics1 aSharma, Bellikoth Ramachandra,d1912-eed. c87414d87414